Normal view
MARC view
Entry Topical Term
001 - CONTROL NUMBER
- control field: 251510
003 - CONTROL NUMBER IDENTIFIER
- control field: OSt
005 - DATE AND TIME OF LATEST TRANSACTION
- control field: 20260116150834.0
008 - FIXED-LENGTH DATA ELEMENTS
- fixed length control field: 260116|| aca||aabn | a|a d
040 ## - CATALOGING SOURCE
- Original cataloging agency: OSt
- Transcribing agency: OSt
150 ## - HEADING--TOPICAL TERM
- Topical term or geographic name entry element: More quick charts from the gallery
670 ## - SOURCE DATA FOUND
- Source citation: Work cat.: (OSt)180743: Read, Donald Richard. 251509, Mastering harvard graphics 3.0 /, 1992.